000 00798nam a2200265 i 4500
001 C2-0316798
003 PPAK
005 20180728112919.0
008 120808s2012 my a|||| ||||| | may d
020 _a9789670133324
040 _aPPAK
_beng
_cPPAK
_erda
082 0 4 _a959.5
_223
090 0 0 _a959.5
_bSEJ
_dRK
245 0 0 _aSejarah Malaysia 1970-1979
264 1 _aMelaka :
_bMedia Ink Publishing ,
_c2012
300 _a51 pages :
_billustrations ;
_c26 cm
336 _2rdacontent
_atext
337 _2rdamedia
_aunmediated
338 _2rdacarrier
_avolume
490 1 _aSejarah Malaysia 8 dekad
650 1 0 _aMalaysia - History - Juvenile literature. ; Malaysia - History 1970-1979.
700 0 _aRoszahna Roslan,
_ecompile
830 0 _aSejarah Malaysia 8 dekad
942 _ddc
_cB
999 _c117908
_d117908